Del folclor llanero / (Registro nro. 36849)
[ vista simple ]
| 000 -CABECERA | |
|---|---|
| Longitud fija campo de control | 00814cam a2200253 a 4500 |
| 003 - • IDENTIFICADOR DELl NÚMERO DE CONTROL | |
| Identificador del número de control | CO-ViMGA |
| 005 - • FECHA Y HORA DE LA ÚLTIMA TRANSACCIÓN | |
| Fecha y hora de la última transacción | 20230915233553.0 |
| 008 - • CÓDIGOS DE INFORMACIÓN DE LONGITUD FIJA | |
| Códigos de información de longitud fija | 950607s1993 ck abo r 00010 spa d |
| 020 ## - • NÚMERO INTERNACIONAL NORMALIZADO PARA LIBROS | |
| Número Internacional Normalizado para Libros (ISBN) | 9789586480185 |
| 040 ## - FUENTE DE LA CATALOGACIÓN | |
| Centro catalogador de origen | CO-ViMGA |
| Lengua de catalogación | spa |
| Centro transcriptor | CO-ViMGA |
| 043 ## - CÓDIGO DE ÁREA GEOGRÁFICA | |
| Código de área geográfica | s-ck--- |
| 082 04 - • NÚMERO DE LA CLASIFICACIÓN DECIMAL DEWEY | |
| Número de clasificación (R) | Fr398.861 |
| Número del ítem | M174 |
| Número de edición | 19 ed. |
| 100 1# - • PUNTO DE ACCESO PRINCIPAL-NOMBRE DE PERSONA | |
| Nombre de persona | Martín, Miguel Angel, |
| Fechas asociadas al nombre | 1932- |
| 240 #0 - • TÍTULO UNIFORME | |
| Título uniforme | <a href="Arauca-Bibliografía regional">Arauca-Bibliografía regional</a> |
| 245 10 - • TITULO PROPIAMENTE DICHO | |
| Título | Del folclor llanero / |
| Mención de responsabilidad, etc. | Miguel Angel Martín. |
| 250 ## - • MENCIÓN DE EDICIÓN | |
| Mención de edición | 2a. ed. |
| 300 ## - • DESCRIPCIÓN FÍSICA | |
| Extensión | 277 p. : |
| Otras características físicas | il., mapas, fot., ; |
| Dimensiones | 19 cm. |
| 504 ## - • NOTA DE BIBLIOGRAFÍA, ETC | |
| Nota de bibliografía, etc. | Incluye bibliografía. |
| 650 14 - • PUNTO DE ACCESO ADICIONAL DE MATERIA - TÉRMINO DE MATERIA | |
| Término de materia o nombre geográfico como elemento inicial | Canciones folclóricas llaneras (Colombia) |
| 650 14 - • PUNTO DE ACCESO ADICIONAL DE MATERIA - TÉRMINO DE MATERIA | |
| Término de materia o nombre geográfico como elemento inicial | Folclor |
| Subdivisión geográfica | Llanos Orientales (Región, Colombia) |
| 942 ## - ENTRADA DE ELEMENTOS AGREGADOS (KOHA) | |
| Fuente de clasificaión o esquema | Dewey Decimal Classification |
| Koha [por defecto] tipo de item | LIbro |
| Perdido | Fuente de clasificación o esquema | Estado Físico | No para préstamo | Forma de adquisición | Localización permanente | Localización actual | Fecha adquisición | Coste, precio normal de compra | Préstamos totales | Signatura completa | Código de barras | Fecha última consulta | Fecha del precio de reemplazo | Tipo de item de Koha | Localización en estanterías | Serie de enumeración / cronolog&íacute;a | Número de copia | Note pública |
|---|---|---|---|---|---|---|---|---|---|---|---|---|---|---|---|---|---|---|
| Colección Fondo Patrimonial | Biblioteca Pública Departamental Eduardo Carranza - Villavicencio | Biblioteca Pública Departamental Eduardo Carranza - Villavicencio | 07/06/2004 | P 398.098619 M17f | ECA14846 | 11/26/2024 | 11/26/2024 | LIbro | Local Patrimonial | Vol.1 | Ej.1 | 47 | 51 | ||||||
| Dewey Decimal Classification | Fondo Regional Tercer Piso | Biblioteca Pública Germán Arciniegas - Villavicencio | Biblioteca Pública Germán Arciniegas - Villavicencio | 09/05/2017 | 5000.00 | Fr398.861 M174 | 32356 | 02/25/2019 | 09/05/2017 | LIbro | ||||||||
| Clasificación Local Facetada | Colección General | Biblioteca Pública Puerto Concordia | Biblioteca Pública Puerto Concordia | 02/10/2026 | Fr398.861 M174 | PCON00910 | 02/10/2026 | 02/10/2026 | LIbro | General | Ej.1 |